| 000 | 01368nam a22001817a 4500 | ||
|---|---|---|---|
| 020 | _a978966530027Х | ||
| 041 | _aeng | ||
| 080 | _a81.1 | ||
| 090 | _bПРО | ||
| 100 | _aПройдаков Е.М., Теплицький Л.А. | ||
| 245 | _aАнгло-український тлумачний словник з обчислювальної техніки, Інтернету і програмування | ||
| 250 | _a2 | ||
| 260 |
_aКиїв _bСофтПрес _c2006 |
||
| 300 | _a824 | ||
| 520 |
_aДруге видання англо-українського тлумачного словника з обчислювальної техніки, Інтернету і програмування містить близько 14 тис. термінів, абревіатур та акронімів, які використовують у сферах компютерної техніки, програмування, мереж різного типу, а також в основних прикладних сферах. Видання призначене для фахівців з інформаційно-комунікаційних технологій, а також для широкого кола користувачів, яких цікавить ця сфера. _0IT Technology, Internet, Computer |
||
| 650 | _aReference | ||
| 999 |
_c283511 _d283511 |
||
| 942 | _cBK | ||